Junta de adelanto de Arica -1958-1976-: experiencia, documentos e historia regional

Gardado en:
Detalles Bibliográficos
Main Authors: Ruz Zagal, Rodrigo (Author), Galdames Rosas, Luis (Author), Díaz Araya, Alberto (Author)
Formato: Libro
Idioma:Lingua castelá
Publicado: Arica Ediciones Universidad de Tarapá 2015
Edición:1a. ed
Subjects:
Tags: Engadir etiqueta
Sen Etiquetas, Sexa o primeiro en etiquetar este rexistro!

MARC

LEADER 00000cam a2200000 a 4500
001 UCD6371
003 CL-VaPUC
008 161201e20150000cl |||||||||||||||||spa|d
020 |a 9789567021604 
082 0 4 |a 352.007  |b RUZ  |2 21 
100 0 |a Ruz Zagal, Rodrigo  |e author  |9 590182 
700 |a Galdames Rosas, Luis  |e author  |9 591410 
700 0 |a Díaz Araya, Alberto  |e author  |9 590184 
245 1 0 |a Junta de adelanto de Arica -1958-1976-: experiencia, documentos e historia regional 
250 |a 1a. ed 
300 |a 171 p 
942 |c BK 
945 |d 20161201 17:35:00  |a arojas 
260 |a Arica  |b Ediciones Universidad de Tarapá  |c 2015 
650 0 |a Administración pública   |9 255343 
650 0 |a Gobierno local  |9 258648 
650 0 |a Derecho administrativo  |9 254851 
650 0 |a Naturaleza jurídica  |9 371885 
650 0 |a Servicios públicos  |9 328528 
650 7 |a REGIMEN LEGAL  |2 CL-VaPUC  |9 388044 
651 0 |a Arica  |9 309332 
583 |a last modification  |c 20161201 17:35:00  |k Rodrigo Vera 
999 |c 366724  |d 366722 
952 |0 0  |1 0  |3 erb  |4 0  |6 352_007000000000000_RUZ_2015  |7 0  |8 A  |9 481243  |a BIBHIS  |b BIBHIS  |i 5354099  |o 352.007 RUZ 2015  |p 5354099  |r 2025-01-20  |w 2019-11-24  |y BK  |z Catalogado en:20161201  |k HIS 
952 |0 0  |1 0  |3 erb  |4 0  |6 352_007000000000000_RUZ_2015  |7 0  |8 A  |9 481244  |a BIBHIS  |b BIBHIS  |i 5367387  |o 352.007 RUZ 2015  |p 5367387  |r 2025-01-20  |w 2019-11-24  |y BK  |z Catalogado en:20170317  |k HIS 
952 |0 0  |1 0  |3 erb  |4 0  |6 352_007000000000000_RUZ_2015  |7 0  |8 A  |9 481245  |a BIBHIS  |b BIBHIS  |i 5456401  |o 352.007 RUZ 2015  |p 5456401  |r 2025-01-20  |w 2019-11-24  |y BK  |z Catalogado en:20180316  |k HIS